Ballons d'Or : Mort Subite (Edition 2) - Statistiques

Statistiques générales
  • Ce quiz a été pris 449 fois
  • Le résultat moyen est 7 sur 9
Answers on the Grid
Answers color-coded by a green-red scale on the quiz's grid according to % correct below.
Ronaldo Nazario
Just Fontaine
Xavi
Gerd Müller
Eusebio
Socrates
Karl-Heinz Rummenigge
Gianluigi Buffon
Lev Yachine
Franck Ribéry
Iker Casillas
Thierry Henry
Luka Modric
Tony Kroos
Angel Di Maria
Ronaldinho
Alexandre Pato
Kaka
Samuel Eto'o
Cafù
 
Statistiques - réponses
Réponse % Correct
Ronaldo Nazario
89%
Lev Yachine
84%
Luka Modric
84%
Kaka
83%
Ronaldinho
82%
Gerd Müller
79%
Eusebio
77%
Karl-Heinz Rummenigge
52%
Just Fontaine
41%
Aucun quiz correspondant
Distribution des résultats
% des personnes avec chaque résultat
Percentile par nombre de réponses
Votre historique - résultats
Vous n’avez pas pris ce quiz